000 00684nam a2200181Ia 4500
003 GCL
005 20240530104009.0
008 140319s9999 xx 000 0 ara d
040 _aGCL /
_cGCL
082 0 4 _a227/
_bش ف
100 1 _aالشوكانى، محمد بن على بن محمد بن عبدالله اليمنى الصنعانى
245 1 0 _aفتح القدير الجامع بين فنى الرواية والدراية من علم التفسير /
_cتاليف محمد بن على بن محمد الشوكانى
260 _a[S.N] :
_bعالم الكتب الحديث
300 _a552 ص
650 0 4 _aالتفسير
650 0 4 _aالقران
942 _2ddc
_cBK
999 _c44006
_d44006